000 00831nam a22003010a 4500
001 UByD001403
003 AR-LpoUNG
005 20260421143254.0
008 230420s2011||||ag |||||||||||||||||spa d
020 _a9789870403159
040 _aAR-LpoUNG
_bspa
_cAR-LpoUNG
_eaacr
041 _aspa
044 _aag
082 0 _a808.068 3 298que
100 1 _aBasch, Adela
245 1 1 _a¡Que sea la Odisea!
250 _a2a. ed.
260 _aBuenos Aires :
_bAguilar ; Alfaguara,
_c2011.
300 _a109 p. :
_bil.
505 0 _aSugerido a partir de 8 años (etiqueta CELESTE)
650 4 _aCUENTOS
650 4 _aLITERATURA
653 _aLITERATURA INFANTIL
700 1 _aWright, Douglas
_eil.
905 _a60925
942 _cLIB
_2ddc
999 _c63960
_d63960